| 000 | 02218nam a2200433 i 4500 | ||
|---|---|---|---|
| 001 | 162821 | ||
| 003 | ES-MaACL | ||
| 005 | 20250812063128.0 | ||
| 008 | 050705m18851886fr fec |||| | fre d | ||
| 040 |
_aCAM _bspa _cCAM |
||
| 080 | _a904:7.031.2(364) | ||
| 080 | _a904:7.032(37) | ||
| 080 | _a904(44):7.031.2(364) | ||
| 080 | _a904:7.033 | ||
| 080 | _a929 Quicherat, Jules-Étienne | ||
| 100 | 1 |
_aQuicherat, Jules-Étienne, _d1814-1882 _eaut _9131518 |
|
| 245 | 1 | 0 |
_aMélanges d'archéologie et d'histoire / _cJules Quicherat |
| 260 |
_aParis : _bAlphonse Picard, _c1885-1886 |
||
| 300 |
_a580 páginas, VIII hojas de láminas ; _c25 cm |
||
| 500 | _aÍndice | ||
| 505 | 0 | _aVol. I. Antiquités celtiques, romaines et gallo-romaines, mémoires et fragments, réunis et mis en ordre par Arthur Giry et Auguste Castan; précédés d'une notice sur la vie et les travaux de J. Quicherat, par Robert de Lasteyrie, et d'une bibliographie de ses oeuvres - v. II. Archéologie du Moyen Âge, mémoires et fragments, réunis par Robert de Lasteyrie | |
| 530 | _aDisponible en formato digital | ||
| 597 | _aVol. I (VIII, 580 p., VIII h. de lám., [1] h. de lám.) -- vol. II (XIV, 514 p., XI h. de lám.) | ||
| 599 | _aLa [h.] de lám., lit. , retrato del autor: "Tony Toullion pinx, Heliogr. Dujardin" | ||
| 599 | _aLas h. de lám., reproducciones de piezas arqueológicas. | ||
| 600 | 1 | 4 |
_aQuicherat, Jules-Étienne, _d1814-1882 _9131518 |
| 650 | 7 |
_aRestos arqueológicos celtas _2embne _9241700 |
|
| 650 | 7 |
_aRestos arqueológicos romanos _2embne _9169922 |
|
| 650 | 7 |
_aRestos arqueológicos galos _2embne _9241701 |
|
| 650 | 7 |
_aArqueología medieval _2embne _99983 |
|
| 700 | 1 |
_aGiry, Arthur, _d1848-1899 _eaut _957314 |
|
| 700 | 1 |
_aCastan, Auguste, _d1833-1892 _eaut _9126377 |
|
| 700 | 1 |
_aLasteyrie Du Saillant, Robert-Charles, _cConde de, _d1849-1921 _eaut _9128727 |
|
| 852 | 4 |
_aES-MaACL _jF-8536 _pSólo v. 1 _xRúst. muy deteriorada _zLa obra consta de 2 v. |
|
| 856 | 4 |
_uhttps://gallica.bnf.fr/ark:/12148/bpt6k14130982 _yVersión en línea: 2 v. _z(Gallica. Bibliothèque nationale de France) |
|
| 942 |
_2udc _cMONANT _n0 |
||
| 999 |
_c162821 _d162821 |
||